[Event "2BLO 1819 Nickelhütte Aue - TSV Bindla"]
[Site "?"]
[Date "2018.12.14"]
[Round "8.6"]
[White "Langrock, Hannes"]
[Black "Kukel, Imre"]
[Result "1/2-1/2"]
[WhiteElo "2367"]
[BlackElo "2273"]
[PlyCount "42"]
[EventDate "2018.??.??"]

1. d4 Nf6 2. c4 c5 3. d5 b5 4. Qc2 e6 5. e4 d6 6. dxe6 fxe6 7. cxb5 Nbd7 8. Nf3
Bb7 9. Nc3 d5 10. e5 Ng4 11. Bf4 d4 12. Ne4 Qa5+ 13. Ned2 Be7 14. Bc4 Rf8 15.
Bg3 Bxf3 16. gxf3 Ngxe5 17. O-O-O Nxc4 18. Qxc4 Rf6 19. Kb1 a6 20. bxa6 Rxa6
21. Bc7 Qa4 1/2-1/2

[Event "2BLO 1819 Nickelhütte Aue - TSV Bindla"]
[Site "?"]
[Date "2018.12.14"]
[Round "8.8"]
[White "Wichmann, Cliff"]
[Black "Delitzsch, Juergen"]
[Result "1/2-1/2"]
[WhiteElo "2266"]
[BlackElo "2191"]
[PlyCount "33"]
[EventDate "2018.??.??"]

1. e4 c5 2. Nf3 Nc6 3. d4 cxd4 4. Nxd4 g6 5. Nc3 Bg7 6. Be3 Nf6 7. f3 O-O 8.
Bc4 Qb6 9. a3 Qa5 10. Qd2 d6 11. O-O-O Bd7 12. Kb1 Rfc8 13. Bb3 Ne5 14. Bg5 Qd8
15. Qe2 Rxc3 16. bxc3 Qa5 17. Bc1 1/2-1/2

[Event "2BLO 1819 Münchner SC 1836 - Erfurter "]
[Site "?"]
[Date "2019.02.23"]
[Round "7.1"]
[White "Braeuer, Franz"]
[Black "Jones, Gawain C B"]
[Result "0-1"]
[WhiteElo "2439"]
[BlackElo "2689"]
[PlyCount "78"]
[EventDate "2019.??.??"]

1. e4 e5 2. Nf3 Nc6 3. d4 exd4 4. Nxd4 Nf6 5. Nxc6 bxc6 6. e5 Qe7 7. Qe2 Nd5 8.
c4 Ba6 9. Nd2 g6 10. Nf3 Qb4+ 11. Kd1 Ne7 12. Bg5 Bg7 13. Qd2 c5 14. Qxb4 cxb4
15. Kc2 Bb7 16. Re1 Nf5 17. Kc1 O-O 18. Bd3 Bxf3 19. gxf3 Nd4 20. Be4 Rae8 21.
f4 Ne6 22. Rd1 Nxg5 23. fxg5 Rxe5 24. f3 Rxg5 25. Rxd7 Be5 26. Bd5 Rg2 27. Re1
Bxb2+ 28. Kd1 Bf6 29. Re2 Rxe2 30. Kxe2 Re8+ 31. Kd3 Re7 32. Rd8+ Kg7 33. Rc8
Be5 34. h3 Bd6 35. Kd4 Re2 36. c5 Rd2+ 37. Ke4 f5+ 38. Ke3 Rxd5 39. cxd6 cxd6
0-1

[Event "2BLO 1819 Münchner SC 1836 - Erfurter "]
[Site "?"]
[Date "2019.02.23"]
[Round "7.2"]
[White "Speelman, Jon S"]
[Black "Votava, Jan"]
[Result "1/2-1/2"]
[WhiteElo "2504"]
[BlackElo "2522"]
[PlyCount "47"]
[EventDate "2019.??.??"]

1. Nf3 Nf6 2. d4 d5 3. c4 e6 4. g3 Bb4+ 5. Bd2 Be7 6. Bg2 O-O 7. O-O c6 8. Qc2
b6 9. Bf4 Bb7 10. Rd1 Nbd7 11. Nc3 dxc4 12. Ne5 Nd5 13. Nxc4 Nxf4 14. gxf4 Qc7
15. e3 Rad8 16. Rac1 c5 17. d5 exd5 18. Nxd5 Bxd5 19. Rxd5 b5 20. Ne5 Nxe5 21.
Rxe5 Bd6 22. Rd5 Be7 23. Re5 Bd6 24. Rd5 1/2-1/2

[Event "2BLO 1819 Münchner SC 1836 - Erfurter "]
[Site "?"]
[Date "2019.02.23"]
[Round "7.3"]
[White "Enders, Peter"]
[Black "Watson, William N"]
[Result "1-0"]
[WhiteElo "2438"]
[BlackElo "2494"]
[PlyCount "147"]
[EventDate "2019.??.??"]

1. b3 e5 2. Bb2 Nc6 3. e3 g6 4. Nf3 Bg7 5. d4 exd4 6. exd4 Nf6 7. Be2 O-O 8.
O-O Ne4 9. c4 d5 10. Nbd2 Bg4 11. Re1 Nxd2 12. Qxd2 dxc4 13. d5 Bxb2 14. Qxb2
c3 15. Qxc3 Qxd5 16. h3 Bf5 17. Bc4 Qd6 18. Rad1 Qf4 19. Qf6 Qh6 20. Nd4 Nxd4
21. Rxd4 Qg7 22. Qxg7+ Kxg7 23. Re7 Rac8 24. g4 Kf6 25. Re3 Be6 26. Bxe6 fxe6
27. Rd7 h5 28. Rf3+ Ke5 29. Rxf8 Rxf8 30. gxh5 gxh5 31. Rxc7 Rb8 32. Rc5+ Kf4
33. Rxh5 Rc8 34. Rh7 Kf3 35. Rf7+ Ke2 36. Kh2 e5 37. h4 e4 38. Kh3 Rh8 39. Rf4
Kd3 40. Kg4 Rg8+ 41. Kf5 Rf8+ 42. Kg5 Rg8+ 43. Kh6 Rg2 44. h5 b5 45. Kh7 b4 46.
h6 a5 47. Kh8 Kc3 48. Rxe4 Rxf2 49. h7 Kb2 50. Kg7 Rg2+ 51. Kf6 Rh2 52. Re2+
Rxe2 53. h8=Q Kxa2 54. Qg8 Re3 55. Qd5 Rc3 56. Ke5 Ka3 57. Kd4 Kb2 58. Qxa5
Kxb3 59. Qa1 Rc4+ 60. Kd5 Rc2 61. Qb1+ Kc3 62. Kc5 b3 63. Qe1+ Rd2 64. Qc1+ Rc2
65. Qe3+ Kb2+ 66. Kb4 Ka1 67. Kxb3 Rb2+ 68. Kc3 Kb1 69. Qd4 Ka2 70. Qd1 Rb8 71.
Qe2+ Ka1 72. Qf1+ Ka2 73. Qf2+ Kb1 74. Qg1+ 1-0

[Event "2BLO 1819 Münchner SC 1836 - Erfurter "]
[Site "?"]
[Date "2019.02.23"]
[Round "7.4"]
[White "Schnider, Gert"]
[Black "Haba, Petr"]
[Result "1/2-1/2"]
[WhiteElo "2423"]
[BlackElo "2446"]
[PlyCount "46"]
[EventDate "2019.??.??"]

1. e4 e6 2. d4 d5 3. Nc3 dxe4 4. Nxe4 Nd7 5. Nf3 Be7 6. Bd3 Ngf6 7. O-O Nxe4 8.
Bxe4 c5 9. c3 cxd4 10. cxd4 Nb6 11. Ne5 O-O 12. Qd3 f5 13. Bf3 Nd5 14. Rd1 Qd6
15. Nc4 Qa6 16. Qb3 Bd7 17. Bxd5 exd5 18. Ne5 Be6 19. Bf4 Rac8 20. Rac1 Qb6 21.
Qxb6 axb6 22. Rxc8 Rxc8 23. Re1 g5 {(=)} 1/2-1/2

[Event "2BLO 1819 Münchner SC 1836 - Erfurter "]
[Site "?"]
[Date "2019.02.23"]
[Round "7.5"]
[White "Voekler, Bernd"]
[Black "Froewis, Georg"]
[Result "0-1"]
[WhiteElo "2354"]
[BlackElo "2435"]
[PlyCount "50"]
[EventDate "2019.??.??"]

1. e4 e6 2. d4 d5 3. Nc3 Bb4 4. e5 Ne7 5. a3 Bxc3+ 6. bxc3 c5 7. Qg4 cxd4 8.
cxd4 Qc7 9. Bb5+ Bd7 10. Bxd7+ Nxd7 11. Ne2 Qxc2 12. O-O O-O 13. Bg5 Ng6 14.
Rac1 Qa4 15. Rc3 Rfc8 16. Rg3 Rc4 17. f4 Qc2 18. Re3 h6 19. Qh5 hxg5 20. f5
exf5 21. Qxg5 Ndxe5 22. Qh5 Qd2 23. Rh3 Rac8 24. Qxf5 R8c7 25. Qh5 Rc2 0-1

[Event "2BLO 1819 Münchner SC 1836 - Erfurter "]
[Site "?"]
[Date "2019.02.23"]
[Round "7.6"]
[White "Berchtenbreiter, Maximilian"]
[Black "Troyke, Christian"]
[Result "1-0"]
[WhiteElo "2432"]
[BlackElo "2332"]
[PlyCount "57"]
[EventDate "2019.??.??"]

1. e4 g6 2. Nf3 c5 3. c3 Bg7 4. d4 cxd4 5. cxd4 d5 6. e5 a6 7. Nc3 Nc6 8. h3 f6
9. exf6 Nxf6 10. Be2 O-O 11. O-O Nh5 12. Re1 Nf4 13. Bf1 Qd6 14. Be3 Bd7 15.
Rc1 Kh8 16. Na4 Rad8 17. Nc5 Bc8 18. g3 b6 19. Bxf4 Rxf4 20. gxf4 bxc5 21. Ne5
Rf8 22. Rxc5 Bd7 23. Nxd7 Qxd7 24. Qa4 Qf5 25. Qxc6 Qxf4 26. Re2 Bxd4 27. Rcc2
Ba7 28. Qe6 Bb8 29. Bg2 1-0

[Event "2BLO 1819 Münchner SC 1836 - Erfurter "]
[Site "?"]
[Date "2019.02.23"]
[Round "7.7"]
[White "Casper, Thomas"]
[Black "Lapcevic, Milos"]
[Result "1/2-1/2"]
[WhiteElo "2357"]
[BlackElo "2397"]
[PlyCount "44"]
[EventDate "2019.??.??"]

1. e4 c5 2. Nf3 d6 3. Bb5+ Nd7 4. a4 a6 5. Bc4 Ngf6 6. Qe2 e6 7. c3 Be7 8. d4
cxd4 9. cxd4 d5 10. exd5 Nxd5 11. O-O O-O 12. Nc3 N7f6 13. Bg5 h6 14. Bh4 Nf4
15. Qd2 N6h5 16. Bg3 Nxg3 17. hxg3 Nd5 18. Ne5 Bg5 19. Qd1 b6 20. Nxd5 exd5 21.
Be2 Qd6 22. Qb3 Bb7 {(=)} 1/2-1/2

[Event "2BLO 1819 Münchner SC 1836 - Erfurter "]
[Site "?"]
[Date "2019.02.23"]
[Round "7.8"]
[White "Ciolek, Andreas"]
[Black "Myshkin, Nikita"]
[Result "0-1"]
[WhiteElo "2297"]
[BlackElo "2293"]
[PlyCount "70"]
[EventDate "2019.??.??"]

1. e4 e5 2. Nf3 Nc6 3. Bc4 Bc5 4. c3 Nf6 5. d3 a6 6. h3 Ba7 7. Bb3 h6 8. Nbd2
O-O 9. Nf1 d5 10. Qe2 Be6 11. g4 Na5 12. Ng3 dxe4 13. dxe4 Bxb3 14. axb3 Nxb3
15. Rb1 Nc5 16. Be3 Qd3 17. Qxd3 Nxd3+ 18. Ke2 Nf4+ 19. Kf1 Bxe3 20. fxe3 Nd3
21. Ke2 Nc5 22. Nd2 Rfd8 23. b4 Ne6 24. Nf3 a5 25. Ra1 a4 26. Nxe5 Ng5 27. Raf1
Ngxe4 28. Nf5 Re8 29. Nf3 g6 30. Nxh6+ Kg7 31. Rfg1 Nd5 32. g5 Nexc3+ 33. Kd2
Rxe3 34. Nd4 Ne4+ 35. Kc2 Nxb4+ 0-1

[Event "2BLO 1819 FC Bayern München - SK Köni"]
[Site "?"]
[Date "2019.02.23"]
[Round "7.1"]
[White "Kuraszkiewicz, Michael"]
[Black "Georgiadis, Nico"]
[Result "0-1"]
[WhiteElo "2316"]
[BlackElo "2525"]
[PlyCount "176"]
[EventDate "2019.??.??"]

1. d4 d5 2. c4 e6 3. Nc3 Bb4 4. Nf3 Nf6 5. cxd5 exd5 6. Bg5 h6 7. Bxf6 Qxf6 8.
Qb3 Qb6 9. e3 c6 10. Bd3 O-O 11. O-O Bd6 12. Qc2 Re8 13. h3 Qd8 14. e4 dxe4 15.
Nxe4 Be6 16. Rfe1 Bb4 17. Re2 Nd7 18. a3 Qa5 19. Rc1 Bf8 20. Rce1 Rad8 21. Re3
Bd5 22. Qe2 Qb6 23. Bc4 Re6 24. Bxd5 cxd5 25. Nc3 Rxe3 26. fxe3 Nf6 27. Ne5 a6
28. Rf1 Qe6 29. Qf3 Bd6 30. Nd3 Re8 31. Re1 Ne4 32. Nf2 Nxc3 33. bxc3 Bxa3 34.
e4 Be7 35. e5 Rc8 36. Re3 a5 37. Ng4 a4 38. Nf6+ Bxf6 39. exf6 Qxf6 40. Qxd5 a3
41. Qxb7 Qd8 42. Rf3 Rc7 43. Qb3 Qa8 44. Qa2 Qa7 45. Kh1 Re7 46. Rf1 Re3 47.
Qc4 a2 48. Ra1 Qb7 49. Rxa2 Rxh3+ 50. Kg1 Qb1+ 51. Kf2 Rh1 52. Qc8+ Kh7 53. Re2
Rf1+ 54. Ke3 f5 55. g3 Qc1+ 56. Rd2 Qe1+ 57. Re2 Qxg3+ 58. Kd2 Qg5+ 59. Kd3
Rf3+ 60. Kc2 Qg1 61. Qc6 Rf1 62. Rg2 Rf2+ 63. Rxf2 Qxf2+ 64. Kb3 Qe3 65. d5 f4
66. d6 f3 67. d7 f2 68. Qb5 Qe6+ 69. Kb2 f1=Q 70. Qxf1 Qxd7 71. c4 h5 72. Qf4
Kg6 73. Qe4+ Qf5 74. Qe8+ Kg5 75. Qe3+ Qf4 76. Qg1+ Kf6 77. Qb6+ Kf5 78. c5
Qd4+ 79. Kb3 h4 80. Qc7 h3 81. c6 h2 82. Qc8+ Kg5 83. c7 Qe3+ 84. Kb4 Qe7+ 85.
Ka5 h1=Q 86. Qd8 Qhe1+ 87. Ka6 Q1e6+ 88. Kb5 Q6d7+ 0-1

[Event "2BLO 1819 FC Bayern München - SK Köni"]
[Site "?"]
[Date "2019.02.23"]
[Round "7.2"]
[White "Dragnev, Valentin"]
[Black "Sandner, Gunter"]
[Result "1/2-1/2"]
[WhiteElo "2513"]
[BlackElo "2274"]
[PlyCount "57"]
[EventDate "2019.??.??"]

1. d4 Nf6 2. c4 e6 3. Nf3 c5 4. d5 exd5 5. cxd5 d6 6. Nc3 g6 7. e4 Bg4 8. Qa4+
Bd7 9. Qb3 Qc7 10. Bf4 Nh5 11. Be3 a6 12. O-O-O b5 13. e5 c4 14. Qb4 dxe5 15.
d6 Nc6 16. Nd5 Qxd6 17. Qe1 Be6 18. Nb6 Qb8 19. Nxa8 Qxa8 20. Ng5 Bf5 21. f3
Nb4 22. a3 Na2+ 23. Kd2 c3+ 24. bxc3 Nxc3 25. Bd4 Be7 26. Kxc3 Qc6+ 27. Kb2
Qc2+ 28. Ka1 exd4 29. g4 {(=)} 1/2-1/2

[Event "2BLO 1819 FC Bayern München - SK Köni"]
[Site "?"]
[Date "2019.02.23"]
[Round "7.3"]
[White "Kunze, Carlo"]
[Black "Fedorovsky, Michael"]
[Result "1/2-1/2"]
[WhiteElo "2253"]
[BlackElo "2453"]
[PlyCount "40"]
[EventDate "2019.??.??"]

1. d4 Nf6 2. c4 e6 3. Nc3 Bb4 4. e3 O-O 5. Bd3 d5 6. cxd5 exd5 7. Nge2 c5 8.
O-O Nc6 9. f3 Re8 10. a3 cxd4 11. exd4 Bd6 12. Bg5 Be6 13. b4 Rc8 14. Qd2 h6
15. Bh4 Be7 16. Bf2 Qd7 17. Ng3 Bd6 18. Nce2 Ne7 19. Nf4 Bxf4 20. Qxf4 Qc7
1/2-1/2

[Event "2BLO 1819 FC Bayern München - SK Köni"]
[Site "?"]
[Date "2019.02.23"]
[Round "7.4"]
[White "Johansson, Linus"]
[Black "Pfretzschner, Roland"]
[Result "1-0"]
[WhiteElo "2479"]
[BlackElo "2240"]
[PlyCount "75"]
[EventDate "2019.??.??"]

1. Nf3 c5 2. g3 Nc6 3. Bg2 e5 4. d3 g6 5. O-O Bg7 6. c4 Nge7 7. Nc3 O-O 8. Ne1
d6 9. Nc2 Be6 10. Ne3 Qd7 11. a3 Bh3 12. Rb1 Bxg2 13. Kxg2 f5 14. Ned5 f4 15.
f3 Nxd5 16. Nxd5 Ne7 17. Nc3 Nf5 18. b4 b6 19. g4 Nh4+ 20. Kh1 Rae8 21. Qa4
Qxa4 22. Nxa4 h5 23. gxh5 gxh5 24. Nc3 Re6 25. Bd2 Bf6 26. bxc5 dxc5 27. a4 Bd8
28. a5 Nf5 29. axb6 axb6 30. Ne4 Nd4 31. Rf2 Kf7 32. Bc3 Rg8 33. Bxd4 exd4 34.
Rg2 Reg6 35. Rxg6 Rxg6 36. Ra1 Bh4 37. Ra8 Rg8 38. Nd6+ 1-0

[Event "2BLO 1819 FC Bayern München - SK Köni"]
[Site "?"]
[Date "2019.02.23"]
[Round "7.5"]
[White "Hoerr, Matthias"]
[Black "Zajogin, Alexander"]
[Result "0-1"]
[WhiteElo "2169"]
[BlackElo "2413"]
[PlyCount "82"]
[EventDate "2019.??.??"]

1. Nf3 d5 2. c4 e6 3. b3 Nf6 4. g3 Be7 5. Bg2 O-O 6. O-O a5 7. Nc3 d4 8. Nb5
Nc6 9. e3 e5 10. exd4 exd4 11. d3 Ne8 12. Re1 Bf6 13. h4 h6 14. Nd2 Nb4 15. Ne4
c6 16. Na3 Be7 17. Nc2 f5 18. Nxb4 Bxb4 19. Nd2 f4 20. Rf1 Nf6 21. Ne4 Nxe4 22.
Bxe4 Bh3 23. Bxf4 Bxf1 24. Qxf1 Bd6 25. Bxd6 Qxd6 26. h5 a4 27. b4 Qxb4 28. Rb1
Qe7 29. f4 Rab8 30. Qh3 b5 31. Re1 Kh8 32. Qg4 Rf6 33. Kf1 bxc4 34. Bd5 Qc5 35.
Bxc4 Qf5 36. Qd1 Qh3+ 37. Kf2 Qh2+ 38. Kf3 Qxh5+ 39. Ke4 Re8+ 40. Kxd4 Rd6+ 41.
Kc3 Qa5+ 0-1

[Event "2BLO 1819 FC Bayern München - SK Köni"]
[Site "?"]
[Date "2019.02.23"]
[Round "7.6"]
[White "Lindgren, Philip"]
[Black "Zaehringer, Daniel"]
[Result "1-0"]
[WhiteElo "2379"]
[BlackElo "2165"]
[PlyCount "75"]
[EventDate "2019.??.??"]

1. d4 d5 2. c4 e6 3. Nf3 Nf6 4. g3 Be7 5. Bg2 O-O 6. O-O dxc4 7. Qc2 a6 8. a4
Bd7 9. Qxc4 Bc6 10. Bf4 a5 11. Nc3 Na6 12. Rfe1 Bb4 13. Bg5 Bd5 14. Qd3 Bxf3
15. Bxf3 c6 16. Rad1 h6 17. Bc1 Be7 18. e4 Nb4 19. Qe2 Re8 20. e5 Nfd5 21. h4
Nxc3 22. bxc3 Nd5 23. Bd2 Rb8 24. Be4 Bf8 25. Bd3 Qd7 26. Rb1 f5 27. exf6 Nxf6
28. Bg6 Re7 29. Bf4 Rd8 30. Be5 Nd5 31. Rec1 Ra8 32. c4 Nb4 33. Rb3 b5 34. axb5
cxb5 35. Bb1 Rc8 36. Qe4 g5 37. Qg6+ Rg7 38. Bxg7 1-0

[Event "2BLO 1819 FC Bayern München - SK Köni"]
[Site "?"]
[Date "2019.02.23"]
[Round "7.7"]
[White "Burian, Simon"]
[Black "Lokander, Martin"]
[Result "0-1"]
[WhiteElo "2026"]
[BlackElo "2418"]
[PlyCount "108"]
[EventDate "2019.??.??"]

1. e4 e5 2. Nf3 Nc6 3. Bc4 Bc5 4. b4 Be7 5. b5 Na5 6. Nxe5 Nxc4 7. Nxc4 d5 8.
exd5 Qxd5 9. Ne3 Qxb5 10. c4 Qb6 11. O-O Nf6 12. Nc3 c6 13. Rb1 Qa6 14. d4 O-O
15. Qb3 b6 16. Rd1 Ng4 17. h3 Nxe3 18. Bxe3 Bf5 19. Rb2 Ba3 20. Rbd2 Qa5 21.
Nb1 Bb4 22. Rb2 Be7 23. d5 cxd5 24. cxd5 Bf6 25. Bd2 Qa6 26. Bc3 Bg5 27. Nd2
Rfe8 28. Nf3 Bf4 29. Nd4 Bd3 30. Nc6 Bc4 31. Qc2 b5 32. Qf5 Qa4 33. Qg4 Bh6 34.
Rd4 Qa3 35. Qg3 Re3 36. fxe3 Qxc3 37. Rbd2 Bxe3+ 38. Kh2 Bg1+ 39. Kxg1 Qxg3 40.
d6 Be6 41. d7 Bxd7 42. Rxd7 h5 43. Re2 Qc3 44. Ne7+ Kh7 45. Nd5 Qd4+ 46. Rf2
Qa1+ 47. Rf1 Qd4+ 48. Rf2 f5 49. g4 hxg4 50. hxg4 Rc8 51. gxf5 Rc1+ 52. Kg2
Qe4+ 53. Kh2 Rh1+ 54. Kg3 Rg1+ 0-1

[Event "2BLO 1819 FC Bayern München - SK Köni"]
[Site "?"]
[Date "2019.02.23"]
[Round "7.8"]
[White "Rafiee, Makan"]
[Black "Linnert, Niklas"]
[Result "1/2-1/2"]
[WhiteElo "2356"]
[BlackElo "2041"]
[PlyCount "64"]
[EventDate "2019.??.??"]

1. e4 c5 2. Nf3 d6 3. d4 cxd4 4. Nxd4 Nf6 5. Nc3 a6 6. Bg5 e6 7. f4 Be7 8. Qf3
Qc7 9. O-O-O Nbd7 10. Bd3 h6 11. Qh3 Nc5 12. Rhe1 O-O 13. Bxh6 e5 14. Nf5 Bxf5
15. exf5 gxh6 16. Qxh6 exf4 17. Qxf4 Rfc8 18. Qg5+ Kh8 19. Qh6+ Nh7 20. f6
Nxd3+ 21. Rxd3 Bf8 22. Qh4 Qc4 23. Re4 Qc5 24. Rh3 Qf5 25. Rf4 Qg6 26. Rg3 Qf5
27. Rg5 Bh6 28. Qxh6 Qxf4+ 29. Kd1 Qf1+ 30. Kd2 Qf4+ 31. Kd3 Qf1+ 32. Kd2 Qf4+
1/2-1/2

[Event "2BLO 1819 SC Garching - SK Passau"]
[Site "?"]
[Date "2019.02.23"]
[Round "7.1"]
[White "Schwabeneder, Florian"]
[Black "Stocek, Jiri"]
[Result "1/2-1/2"]
[WhiteElo "2439"]
[BlackElo "2588"]
[PlyCount "97"]
[EventDate "2019.??.??"]

1. e4 c5 2. Nf3 Nc6 3. Bb5 d6 4. O-O Bd7 5. Re1 Nf6 6. h3 e6 7. c3 d5 8. exd5
Nxd5 9. d4 cxd4 10. Nxd4 Nxd4 11. Bxd7+ Qxd7 12. Qxd4 Bd6 13. Nd2 O-O 14. Ne4
Rfd8 15. Nxd6 Qxd6 16. a4 f6 17. Be3 Nxe3 18. Qxe3 e5 19. a5 Rd7 20. Ra4 Rc8
21. Qe4 Rc5 22. Rb4 Rd5 23. Rc4 g6 24. b4 Kg7 25. Qe3 Rd3 26. Qe4 Qd5 27. Qxd5
R3xd5 28. Rc8 Kf7 29. c4 Rd2 30. Ra8 a6 31. b5 axb5 32. cxb5 Rb2 33. b6 h5 34.
Rc1 Ke6 35. Rac8 Rdd2 36. Re8+ Kd7 37. Rb8 Rxf2 38. Rxb7+ Ke6 39. a6 Rxg2+ 40.
Kh1 Rh2+ 41. Kg1 Rbg2+ 42. Kf1 Ra2 43. Kg1 e4 44. a7 e3 45. Re1 Rhg2+ 46. Kh1
Rh2+ 47. Kg1 Rhg2+ 48. Kh1 Rh2+ 49. Kg1 {(=)} 1/2-1/2

[Event "2BLO 1819 SC Garching - SK Passau"]
[Site "?"]
[Date "2019.02.23"]
[Round "7.2"]
[White "Hess, Max"]
[Black "Suran, Jan"]
[Result "1/2-1/2"]
[WhiteElo "2334"]
[BlackElo "2408"]
[PlyCount "81"]
[EventDate "2019.??.??"]

1. e4 d6 2. d4 Nf6 3. Nc3 g6 4. Bf4 c6 5. Nf3 Bg7 6. Qd2 Bg4 7. Be2 Nbd7 8.
O-O-O O-O 9. Bh6 e5 10. Bxg7 Kxg7 11. Kb1 Qe7 12. h3 Bxf3 13. Bxf3 Nb6 14. g4
Rad8 15. Bg2 Nc4 16. Qd3 b5 17. Ne2 d5 18. exd5 e4 19. Qb3 cxd5 20. Ng3 a5 21.
a3 b4 22. a4 Rc8 23. Rhe1 Nd7 24. f3 e3 25. Ka1 Ndb6 26. Re2 Qd7 27. Nf1 Nxa4
28. Nxe3 Naxb2 29. Rde1 Rfe8 30. f4 Nxe3 31. Rxe3 Rxe3 32. Rxe3 Nc4 33. Re2 Qb5
34. f5 a4 35. Qf3 b3 36. fxg6 hxg6 37. Rf2 b2+ 38. Kb1 Qb7 39. Bf1 a3 40. Bxc4
Rxc4 41. Qf6+ {(=)} 1/2-1/2

[Event "2BLO 1819 SC Garching - SK Passau"]
[Site "?"]
[Date "2019.02.23"]
[Round "7.3"]
[White "Wisnet, Dominic"]
[Black "Renner, Christoph"]
[Result "0-1"]
[WhiteElo "2290"]
[BlackElo "2322"]
[PlyCount "152"]
[EventDate "2019.??.??"]

1. c4 f5 2. g3 Nf6 3. Bg2 g6 4. Nf3 Bg7 5. Nc3 O-O 6. O-O d6 7. d4 c6 8. Qc2
Na6 9. b3 Qc7 10. Rd1 Bd7 11. Ba3 b5 12. Nb1 Qa5 13. Bb2 Nb4 14. Qc1 bxc4 15.
Qxc4+ Nbd5 16. Nbd2 Rab8 17. a3 Qb5 18. Rac1 Ne4 19. e3 Qxc4 20. Rxc4 Bh6 21.
Re1 Ndf6 22. h3 g5 23. Re2 Rb6 24. Ra4 Ra8 25. Ra5 g4 26. hxg4 fxg4 27. Nxe4
Nxe4 28. Ne1 Nf6 29. b4 Bg7 30. Nd3 a6 31. e4 Rb5 32. Rxb5 axb5 33. d5 cxd5 34.
exd5 Kf7 35. Nf4 Rc8 36. Ne6 Bh6 37. Nd4 Bc1 38. Nb3 Bxb2 39. Rxb2 Rc3 40. Kf1
Bf5 41. Ke1 Bc2 42. Nd4 Ba4 43. Ra2 Rd3 44. Nf5 h5 45. Ne3 Nd7 46. Be4 Rd4 47.
Bc2 Bxc2 48. Rxc2 Nb6 49. Ke2 Nxd5 50. Nxd5 Rxd5 51. Rc8 Ke6 52. Rb8 Re5+ 53.
Kd3 Kd7 54. Ra8 Rf5 55. Ke2 Kc6 56. Ra5 Rf3 57. Ra6+ Kb7 58. Ra5 Kb6 59. Ra8 e5
60. Ra5 e4 61. a4 bxa4 62. Rxh5 Rb3 63. Rd5 Kc6 64. Ra5 Rxb4 65. Ke3 d5 66. Kf4
Rb2 67. Ke3 Rb3+ 68. Kd4 Rd3+ 69. Ke5 a3 70. Ra8 Kc5 71. Kf4 Rf3+ 72. Kxg4 Rxf2
73. Rxa3 d4 74. Ra8 d3 75. Rd8 Kc4 76. Kh3 e3 0-1

[Event "2BLO 1819 SC Garching - SK Passau"]
[Site "?"]
[Date "2019.02.23"]
[Round "7.4"]
[White "Koepke, Christian"]
[Black "Weiss, Christian"]
[Result "1-0"]
[WhiteElo "2334"]
[BlackElo "2377"]
[PlyCount "69"]
[EventDate "2019.??.??"]

1. e4 c5 2. Nf3 e6 3. d4 cxd4 4. Nxd4 a6 5. c4 Nf6 6. Nc3 Qc7 7. a3 d6 8. Be2
b6 9. Be3 Bb7 10. f3 Nbd7 11. O-O Be7 12. Qd2 O-O 13. b4 Rac8 14. Rac1 Qb8 15.
Kh1 Bd8 16. Rc2 Bc7 17. Bg1 Rfe8 18. Rb1 Qa8 19. Na4 Red8 20. Qc1 h5 21. Bf1 h4
22. Qg5 b5 23. cxb5 axb5 24. Bxb5 Ne5 25. Rbc1 Qb8 26. Qxh4 d5 27. Nc5 dxe4 28.
Nxb7 Qxb7 29. Bc6 Nxc6 30. Nxc6 exf3 31. Ne7+ Kf8 32. Bc5 fxg2+ 33. Rxg2 Bd6
34. Nxc8 Bxc5 35. Qh8+ 1-0

[Event "2BLO 1819 SC Garching - SK Passau"]
[Site "?"]
[Date "2019.02.23"]
[Round "7.5"]
[White "Testor, Sebastian"]
[Black "Koepke, Elena"]
[Result "1/2-1/2"]
[WhiteElo "2309"]
[BlackElo "2296"]
[PlyCount "56"]
[EventDate "2019.??.??"]

1. d4 Nf6 2. Nf3 e6 3. c4 b6 4. g3 Bb7 5. Bg2 Be7 6. O-O O-O 7. Re1 Na6 8. Nc3
Ne4 9. Nxe4 Bxe4 10. Ne5 Bxg2 11. Kxg2 c5 12. Be3 Qc7 13. Rc1 Qb7+ 14. Nf3 d6
15. Kg1 Rfd8 16. Qb3 Bf6 17. Red1 h6 18. Rd2 Rac8 19. Qd1 d5 20. b3 dxc4 21.
bxc4 cxd4 22. Bxd4 Bxd4 23. Rxd4 Qc7 24. Qa4 Nc5 25. Qa3 Rxd4 26. Nxd4 a6 27.
Nb3 Nxb3 28. axb3 a5 {(=)} 1/2-1/2

[Event "2BLO 1819 SC Garching - SK Passau"]
[Site "?"]
[Date "2019.02.23"]
[Round "7.6"]
[White "Pitschka, Claus"]
[Black "Pflug, Matthias"]
[Result "1/2-1/2"]
[WhiteElo "2181"]
[BlackElo "2268"]
[PlyCount "30"]
[EventDate "2019.??.??"]

1. d4 g6 2. e4 Bg7 3. Nf3 c5 4. d5 d6 5. Bb5+ Bd7 6. a4 Nf6 7. Nc3 O-O 8. O-O
Bg4 9. h3 Bxf3 10. Qxf3 Na6 11. Bxa6 bxa6 12. Bd2 Rb8 13. Nd1 Nd7 14. Bc3 Bxc3
15. Qxc3 Qb6 {(=)} 1/2-1/2

[Event "2BLO 1819 SC Garching - SK Passau"]
[Site "?"]
[Date "2019.02.23"]
[Round "7.7"]
[White "Hellmayr, Alois"]
[Black "Rusche, Johannes"]
[Result "1-0"]
[WhiteElo "2272"]
[BlackElo "2291"]
[PlyCount "83"]
[EventDate "2019.??.??"]

1. Nf3 Nf6 2. g3 e6 3. Bg2 d5 4. O-O Be7 5. c4 O-O 6. b3 d4 7. Bb2 Nc6 8. d3 e5
9. Na3 Bf5 10. Nc2 Re8 11. a3 a5 12. Qd2 Qd6 13. Nh4 Bg4 14. e3 Nd7 15. Nf3 Nc5
16. exd4 Nxb3 17. Qc3 Nbxd4 18. Ncxd4 exd4 19. Qb3 a4 20. Qc2 Bf5 21. Rfe1 h5
22. Nd2 h4 23. Ne4 Qg6 24. Re2 hxg3 25. fxg3 Bg4 26. Rf2 f5 27. Nd2 Bg5 28. Nf1
Rad8 29. Kh1 Be3 30. Nxe3 dxe3 31. Rf4 Qh6 32. Bd5+ Kh7 33. d4 Qh5 34. Re1 Re7
35. Qd3 Rde8 36. Bg2 e2 37. Kg1 Re3 38. Qd2 g5 39. Rf2 R3e7 40. h3 Bxh3 41.
Bxh3 g4 42. Bg2 1-0

[Event "2BLO 1819 SC Garching - SK Passau"]
[Site "?"]
[Date "2019.02.23"]
[Round "7.8"]
[White "Schleich, Markus"]
[Black "Linhart, Wolfgang"]
[Result "1-0"]
[WhiteElo "2210"]
[BlackElo "2157"]
[PlyCount "93"]
[EventDate "2019.??.??"]

1. e4 c5 2. Nf3 e6 3. d4 cxd4 4. Nxd4 a6 5. c4 Nf6 6. Nc3 Qc7 7. Be2 Nc6 8. O-O
Nxd4 9. Qxd4 Bc5 10. Qd3 h5 11. g3 b6 12. Bf4 e5 13. Be3 Bb7 14. a3 Rc8 15.
Rac1 Bxe3 16. Qxe3 Qc5 17. Qd3 h4 18. Rfd1 hxg3 19. hxg3 g6 20. Nd5 Nxd5 21.
cxd5 Qxc1 22. Rxc1 Rxc1+ 23. Kg2 O-O 24. Qe3 Rc2 25. Bd1 Rxb2 26. Qc3 Rb5 27.
Qc7 Bc8 28. Qxe5 Rc5 29. Qd6 Rc1 30. Bg4 b5 31. e5 Rc4 32. Be2 Re4 33. Kf3 Ra4
34. Ke3 Re8 35. f4 Kg7 36. Bd3 Kg8 37. g4 Kg7 38. Kf3 Rd4 39. Ke3 Ra4 40. Qf6+
Kg8 41. Qd6 Kg7 42. Kf3 Rd4 43. Be4 Rc4 44. f5 gxf5 45. Qf6+ Kg8 46. gxf5 Ra4
47. Qg5+ 1-0

[Event "2BLO 1819 SK Weilheim - SC NT Nürnberg"]
[Site "?"]
[Date "2019.02.23"]
[Round "7.1"]
[White "Maximov, Dmitry"]
[Black "Luther, Thomas"]
[Result "0-1"]
[WhiteElo "2482"]
[BlackElo "2524"]
[PlyCount "83"]
[EventDate "2019.??.??"]

1. e4 e6 2. d4 d5 3. e5 c5 4. c3 Nc6 5. Nf3 Nge7 6. Be3 Nf5 7. Bd3 Nxe3 8. fxe3
f5 9. exf6 Qxf6 10. Qe2 Qh6 11. Nbd2 Bd6 12. O-O-O O-O 13. h4 e5 14. dxc5 Be7
15. Ng5 e4 16. Bc2 Ne5 17. Rdf1 Bg4 18. Qb5 Qc6 19. Qxc6 bxc6 20. Nb3 Be6 21.
Nh3 Nc4 22. Rxf8+ Rxf8 23. Nf4 Rf6 24. h5 Nxe3 25. Ng6 Bd8 26. Nd4 Bf5 27. Ne5
Nxc2 28. Ndxc6 Bc7 29. Ne7+ Kf8 30. Nxd5 Bxe5 31. Rf1 Ne3 32. Nxf6 gxf6 33. c6
Ke7 34. g4 Ng2 35. Rd1 Ne3 36. Re1 Nxg4 37. b4 Bc8 38. c4 f5 39. Rh1 f4 40. Rf1
f3 41. Rxf3 exf3 42. Kd2 0-1

[Event "2BLO 1819 SK Weilheim - SC NT Nürnberg"]
[Site "?"]
[Date "2019.02.23"]
[Round "7.2"]
[White "Lehner, Oliver"]
[Black "Milov, Leonid"]
[Result "1/2-1/2"]
[WhiteElo "2400"]
[BlackElo "2461"]
[PlyCount "44"]
[EventDate "2019.??.??"]

1. e4 c5 2. Nf3 e6 3. d4 cxd4 4. Nxd4 Nc6 5. Nc3 Qc7 6. Be3 a6 7. Qf3 Bd6 8.
O-O-O Be5 9. Nxc6 bxc6 10. Bd4 Bxd4 11. Rxd4 Nf6 12. Qg3 Qxg3 13. hxg3 d5 14.
f3 h6 15. g4 O-O 16. Ra4 Bb7 17. Bd3 Rfc8 18. Re1 a5 19. Ra3 Nd7 20. Na4 Ba6
21. Bxa6 Rxa6 22. Rb3 Ra7 1/2-1/2